Normal view
MARC view
- الجامعات والكليات-البلاد العربية-التعليم العالي-الحرية الأكاديمية
Entry Topical Term
001 - CONTROL NUMBER
- control field: 47802
003 - CONTROL NUMBER IDENTIFIER
- control field: JO-AjAnu
005 - DATE AND TIME OF LATEST TRANSACTION
- control field: 20230606081904.0
008 - FIXED-LENGTH DATA ELEMENTS
- fixed length control field: 230606|| aca||aabn | a|a d
040 ## - CATALOGING SOURCE
- Original cataloging agency: JO-AjAnu
- Transcribing agency: JO-AjAnu
150 ## - HEADING--TOPICAL TERM
- Topical term or geographic name entry element: الجامعات والكليات-البلاد العربية-التعليم العالي-الحرية الأكاديمية
670 ## - SOURCE DATA FOUND
- Source citation: Work cat.: (JO-AjAnu)24460: بني يونس، فراس تأليف، خطايبة، محمد صالح م.مشارك, author 47801, الحرية الأكاديمية في العالم العربي بين الواقع والطموح